Living on the margins : social access to shelter in urban South Asia (Record no. 3439)
[ view plain ]
| 000 -LEADER | |
|---|---|
| fixed length control field | 00705nam a2200217Ia 4500 |
| 020 ## - INTERNATIONAL STANDARD BOOK NUMBER | |
| ISBN | 0-7546-1622-3 |
| 082 ## - DEWEY DECIMAL CLASSIFICATION NUMBER | |
| Classification number | 363.596942 PUR-L |
| 100 ## - MAIN ENTRY--AUTHOR NAME | |
| Personal name | Purewal, Navtej K. |
| 245 #0 - TITLE STATEMENT | |
| Title | Living on the margins : social access to shelter in urban South Asia |
| 260 ## - PUBLICATION, DISTRIBUTION, ETC. (IMPRINT) | |
| Place of publication | Aldershot |
| Name of publisher | Ashgate Publishing |
| Year of publication | 2000 |
| 300 ## - PHYSICAL DESCRIPTION | |
| Number of Pages | xii, 204p. |
| 440 ## - SERIES STATEMENT/ADDED ENTRY--TITLE | |
| Title | Soas Studies in Development Geography |
| 504 ## - BIBLIOGRAPHY, ETC. NOTE | |
| Bibliography, etc | Includes bibliography and index |
| 650 ## - SUBJECT ADDED ENTRY--TOPICAL TERM | |
| Topical Term | Urban poor - Housing - India |
| 650 ## - SUBJECT ADDED ENTRY--TOPICAL TERM | |
| Topical Term | Marginality, Social - South asia |
| 650 ## - SUBJECT ADDED ENTRY--TOPICAL TERM | |
| Topical Term | Urban poor - Housing - South Asia |
| 650 ## - SUBJECT ADDED ENTRY--TOPICAL TERM | |
| Topical Term | Amritsar (Punjab) - History |
| 650 ## - SUBJECT ADDED ENTRY--TOPICAL TERM | |
| Topical Term | Housing policy - South Asia |
| 700 ## - ADDED ENTRY--PERSONAL NAME | |
| Personal name | Brandnock, Robert W. |
| 942 ## - ADDED ENTRY ELEMENTS (KOHA) | |
| Koha item type | Books |
| Withdrawn status | Lost status | Damaged status | Not for loan | Home library | Current library | Date acquired | Bill Date | Full call number | Accession Number | Price effective from | Koha item type |
|---|---|---|---|---|---|---|---|---|---|---|---|
| NASSDOC Library | NASSDOC Library | 09/09/2004 | 2004-10-05 | 363.596942 PUR-L | 39588 | 18/04/2019 | Books |
